zpět

Detail výsledku týmu

Music Bar Forea, Lanškroun

Datum a čas kvízu

22 Celkem bodů Celkový počet nahraných bodů na tomto kvízu bez doplňovacích otázek.
8. Pořadí na kvízu Konečné umístění týmu na tomto kvízu.

Zaznamenané odpovědi

# Otázka Odpověď Body Výsledky
1. Ve středu se uskutečnilo letoš... Jablonec nad Nisou 1
2. Po ulicích jednoho středoslove... Liptovský Mikuláš 1
3. Minulý týden byla přidána na... berlínské techno 0
4. Automobilka Škoda představila... Epiq 0
5. Minulý týden se stala jedna ne... Jaromír Jágr 1
6. Téma začneme v Evropě. Seřaďte... 1D 2A 3C 4B 0
7. V souvislosti s Che Guevarou s... v Argentině 0
8. Které z těchto zvířat nežije p... C 1
9. Jak se jmenuje nejlidnatější s... Indonésie, Jakarta 0
10. Jak se jmenuje ostrovní stát,... Papua Nová Guinea 0